Family-based reintegration: effective interventions for juveniles on parole
Introduction -- Juveniles in the justice system -- Evaluating the effectiveness of a family-based intervention -- Results -- Implications for public policy -- Conclusions and areas for future research
| 1. VerfasserIn: | |
|---|---|
| Medienart: | Druck Buch |
| Sprache: | Englisch |
| Veröffentlicht: |
El Paso
LFB Scholarly Publ. LLC
2009
|
| In: | Jahr: 2009 |
| Online-Zugang: |
Inhaltsverzeichnis Klappentext (Verlag) |
| Bestand in Tübingen: | In Tübingen vorhanden. UB: KB 20 A 4100 |
| Verfügbarkeit prüfen: | HBZ Gateway |
| Subito Bestelldienst: | Jetzt bestellen. |
| Schlagwörter: |
MARC
| LEADER | 00000cam a2200000 c 4500 | ||
|---|---|---|---|
| 001 | 1622837096 | ||
| 003 | DE-627 | ||
| 005 | 20251225202557.0 | ||
| 007 | tu | ||
| 008 | 091020s2009 xxu||||| 00| ||eng c | ||
| 010 | |a 2009022778 | ||
| 020 | |a 9781593323714 |c hardcover : alk. paper |9 978-1-59332-371-4 | ||
| 035 | |a (DE-627)1622837096 | ||
| 035 | |a (DE-576)312089155 | ||
| 035 | |a (DE-599)BSZ312089155 | ||
| 035 | |a (OCoLC)698847250 | ||
| 040 | |a DE-627 |b ger |c DE-627 |e rakwb | ||
| 041 | |a eng | ||
| 044 | |c XD-US | ||
| 050 | 0 | |a HV9104 | |
| 082 | 0 | |a 364.620830973 | |
| 100 | 1 | |a Rowland, Marcy K. |d 1979- |0 (DE-588)140256296 |0 (DE-627)70361665X |0 (DE-576)279251793 |4 aut | |
| 109 | |a Rowland, Marcy K. 1979- | ||
| 245 | 1 | 0 | |a Family-based reintegration |b effective interventions for juveniles on parole |c Marcy K. Rowland |
| 264 | 1 | |a El Paso |b LFB Scholarly Publ. LLC |c 2009 | |
| 300 | |a XII, 169 S. |b graph. Darst. | ||
| 336 | |a Text |b txt |2 rdacontent | ||
| 337 | |a ohne Hilfsmittel zu benutzen |b n |2 rdamedia | ||
| 338 | |a Band |b nc |2 rdacarrier | ||
| 490 | 0 | |a Criminal justice |a recent scholarship | |
| 500 | |a Includes bibliographical references and index | ||
| 520 | |a Introduction -- Juveniles in the justice system -- Evaluating the effectiveness of a family-based intervention -- Results -- Implications for public policy -- Conclusions and areas for future research | ||
| 583 | 1 | |a Archivierung prüfen |c 20200919 |f DE-640 |z 2 |2 pdager | |
| 650 | 0 | |a Juvenile delinquents |x United States | |
| 650 | 0 | |a Parole |x United States | |
| 650 | 0 | |a Family relationships |x United States | |
| 689 | 0 | 0 | |d g |0 (DE-588)4078704-7 |0 (DE-627)106076612 |0 (DE-576)209209682 |a USA |2 gnd |
| 689 | 0 | 1 | |d s |0 (DE-588)4028907-2 |0 (DE-627)106276530 |0 (DE-576)208980032 |a Jugendlicher Täter |2 gnd |
| 689 | 0 | 2 | |d s |0 (DE-588)4128233-4 |0 (DE-627)105718823 |0 (DE-576)209600365 |a Resozialisierung |2 gnd |
| 689 | 0 | 3 | |d s |0 (DE-588)4016397-0 |0 (DE-627)104427175 |0 (DE-576)208915818 |a Familie |2 gnd |
| 689 | 0 | |5 (DE-627) | |
| 689 | 1 | 0 | |d g |0 (DE-588)4078704-7 |0 (DE-627)106076612 |0 (DE-576)209209682 |a USA |2 gnd |
| 689 | 1 | 1 | |d s |0 (DE-588)4028907-2 |0 (DE-627)106276530 |0 (DE-576)208980032 |a Jugendlicher Täter |2 gnd |
| 689 | 1 | 2 | |d s |0 (DE-588)4006305-7 |0 (DE-627)106378023 |0 (DE-576)208865039 |a Bewährungshilfe |2 gnd |
| 689 | 1 | 3 | |d s |0 (DE-588)4016397-0 |0 (DE-627)104427175 |0 (DE-576)208915818 |a Familie |2 gnd |
| 689 | 1 | |5 (DE-627) | |
| 856 | 4 | 2 | |u https://swbplus.bsz-bw.de/bsz312089155inh.htm |m B:DE-576;DE-21 |q application/pdf |v 20100126103124 |x Verlag |3 Inhaltsverzeichnis |7 1 |
| 856 | 4 | 2 | |u https://swbplus.bsz-bw.de/bsz312089155kla.htm |m B:DE-576;DE-21 |q application/pdf |v 20100126103144 |x Verlag |3 Klappentext |7 1 |
| 951 | |a BO | ||
| ELC | |b 1 | ||
| LOK | |0 000 xxxxxcx a22 zn 4500 | ||
| LOK | |0 001 3247732241 | ||
| LOK | |0 003 DE-627 | ||
| LOK | |0 004 1622837096 | ||
| LOK | |0 005 20100118153021 | ||
| LOK | |0 008 091020||||||||||||||||ger||||||| | ||
| LOK | |0 040 |a DE-21 |c DE-627 |d DE-21 | ||
| LOK | |0 852 |a DE-21 | ||
| LOK | |0 852 1 |c KB 20 A 4100 |9 00 | ||
| LOK | |0 935 |a krim | ||
| LOK | |0 936ln |a k13.2.1.2 | ||
| LOK | |0 938 |a 1001 |f 34 | ||
| LOK | |0 939 |a 20-10-09 |b l01 | ||
| ORI | |a SA-MARC-krimdoka001.raw | ||
| SIG | |a UB: KB 20 A 4100 | ||
